| 000 | 01390nam a2200337 i 4500 | ||
|---|---|---|---|
| 001 | 197680 | ||
| 003 | ES-MaACL | ||
| 005 | 20250708165720.0 | ||
| 007 | ta | ||
| 008 | 901023s1972 ve spa | ||
| 016 | 7 |
_abimoBNE19910865032 _zSAB9000093714 _2SpMaBN |
|
| 035 | _a(OCoLC)55304830 | ||
| 035 | _a(SpMaBN)bimo0000085348 | ||
| 035 | _a991009521429708606 | ||
| 040 |
_aSpMaBN _bspa _cSpMaBN _erdc |
||
| 080 | _a987".../1810"(063) | ||
| 111 | 2 |
_aCongreso Venezolano de Historia _n1º _d1971 _cCaracas _9241091 |
|
| 245 | 1 | 0 |
_aMemoria del Primer Congreso Venezolano de Historia (tomo II) : _bdel 28 de junio al 4 de julio de 1971 |
| 260 |
_aCaracas : _bAcademia Nacional de la Historia, _c1972. |
||
| 300 |
_a476 páginas ; _c23 cm |
||
| 336 |
_2rdacontent _atexto |
||
| 337 |
_2rdamedia _asin mediación |
||
| 338 |
_2rdacarrier _avolumen |
||
| 651 | 7 |
_aVenezuela- _xHistoria- _vCongresos y asambleas _2embne _9241092 |
|
| 852 |
_aES-MaACL _cDEPO1 _jA-15751 _hDonación: Centro de Información Documental de Archivos _xEncuadernación rústica con solapas _9206109 |
||
| 914 |
_aCentro de Información Documental de Archivos _ednr |
||
| 942 |
_n0 _cMONOGRAFIA |
||
| 999 |
_c197680 _d197680 |
||